Arbiotration greements and wards (Record no. 2162)
[ view plain ]
| 000 -LEADER | |
|---|---|
| fixed length control field | 00782 a2200217 4500 |
| 010 ## - LIBRARY OF CONGRESS CONTROL NUMBER | |
| LC control number | ENG-85383 |
| 020 ## - INTERNATIONAL STANDARD BOOK NUMBER | |
| International Standard Book Number | 8175345470 |
| Terms of availability | 750.00 |
| 035 ## - SYSTEM CONTROL NUMBER | |
| System control number | ENG-68916 |
| 037 ## - SOURCE OF ACQUISITION | |
| Source of stock number/acquisition | D.B.Act / Pub |
| 082 14 - DEWEY DECIMAL CLASSIFICATION NUMBER | |
| Classification number | 347.5409 |
| 090 ## - LOCALLY ASSIGNED LC-TYPE CALL NUMBER (OCLC); LOCAL CALL NUMBER (OCLC) | |
| -- | 2202 |
| -- | 2202 |
| 100 1# - MAIN ENTRY--PERSONAL NAME | |
| Personal name | Bansal, Ashwinie Kumar |
| 245 1# - TITLE STATEMENT | |
| Title | Arbiotration greements and wards |
| Remainder of title | law of international and domestic arbitration |
| Statement of responsibility, etc | by Ashwinie Kumar Bansal |
| 250 ## - EDITION STATEMENT | |
| Edition statement | 2nd ed |
| 260 ## - PUBLICATION, DISTRIBUTION, ETC. (IMPRINT) | |
| Place of publication, distribution, etc | Delhi |
| Name of publisher, distributor, etc | Universal Law Publishing |
| Date of publication, distribution, etc | 2006 |
| 270 ## - ADDRESS | |
| Address | C-FF-1A, Dikhush Industrial Estate, (Opp. Hans Cinema, Azadpur), G.T.Karnal Road |
| City | Delhi |
| 300 ## - PHYSICAL DESCRIPTION | |
| Extent | xxxiii, 634 p. |
| Other physical details | 24cm. (Hb) |
| 500 ## - GENERAL NOTE | |
| General note | Includes index |
| 942 ## - ADDED ENTRY ELEMENTS (KOHA) | |
| Institution code [OBSOLETE] | dpl |
| Koha item type | English Books |
| Call number prefix | 347.5409 / BAN |
| Withdrawn status | Lost status | Source of classification or shelving scheme | Damaged status | Not for loan | Collection code | Home library | Current library | Source of acquisition | Cost, normal purchase price | Total Checkouts | Full call number | Barcode | Date last seen | Copy number | Uniform Resource Identifier | Cost, replacement price | Price effective from | Koha item type |
|---|---|---|---|---|---|---|---|---|---|---|---|---|---|---|---|---|---|---|
| Dewey Decimal Classification | Not For Loan | Non-fiction | D.B.Act.Division | D.B.Act.Division | DBAD/PUB | 750.00 | 347.5409 BAN | EN-68916 | 15/09/2008 | 1 | 2294 | 750.00 | 15/09/2008 | English Books |
